000 00319nam a2200145Ia 4500
100 _aSmith/Dennis
650 _aGeneral
942 _cBK
654 _aReport From Engine Co.82
245 _aReport From Engine Co.82
260 _bPocket Books
_aNew York
_c1973
082 _a813
300 _a246
546 _aENGLISH
999 _c33655
_d33655